| 000 -LEADER |
| fixed length control field |
00539cam a22001697a 4500 |
| 008 - FIXED-LENGTH DATA ELEMENTS--GENERAL INFORMATION |
| fixed length control field |
180718b2000 xxu||||| |||| 00| 0 eng d |
| 020 ## - INTERNATIONAL STANDARD BOOK NUMBER |
| International Standard Book Number |
0195651413 |
| 082 ## - DEWEY DECIMAL CLASSIFICATION NUMBER |
| Classification number |
ABx54 H27 |
| 245 ## - TITLE STATEMENT |
| Title |
Image and representation: stories of Muslim lives in India |
| Statement of responsibility, etc. |
edited by Mushirul Hasan and M. Asaduddin |
| 260 ## - PUBLICATION, DISTRIBUTION, ETC. |
| Place of publication, distribution, etc. |
New Delhi |
| Name of publisher, distributor, etc. |
Oxford Univ. Press |
| Date of publication, distribution, etc. |
2000 |
| 300 ## - PHYSICAL DESCRIPTION |
| Extent |
349p. |
| 650 ## - SUBJECT ADDED ENTRY--TOPICAL TERM |
| Topical term or geographic name entry element |
Muslims - India |
| 650 ## - SUBJECT ADDED ENTRY--TOPICAL TERM |
| Topical term or geographic name entry element |
Islamic stories, Urdu - India |
| 650 ## - SUBJECT ADDED ENTRY--TOPICAL TERM |
| Topical term or geographic name entry element |
Islamic stories - Indonesian |
| 700 ## - ADDED ENTRY--PERSONAL NAME |
| Personal name |
Asaduddin, M. |
| 700 ## - ADDED ENTRY--PERSONAL NAME |
| Personal name |
Hasan, Mushirul |